[Event "Santa Clara"]
[Site "Santa Clara"]
[Date "1991.??.??"]
[Round "9"]
[White "Pigusov, Evgeny"]
[Black "Magem Badals, Jorge"]
[Result "1/2-1/2"]
[WhiteElo "2540"]
[BlackElo "2490"]

1.c4 e5 2.g3 d5 3.cxd5 Qxd5 4.Nf3 Bb4 5.Nc3 Bxc3 6.bxc3 e4 7.Nd4 Nf6 8.Qb3 Qd7
9.Bg2 O-O 10.O-O c5 11.Nc2 Nc6 12.c4 Qe6 13.d3 b6 14.Bb2 Bb7 15.Bc3 Ne5 16.Ne3 Rfe8
17.Qb2 Rab8 18.Bxe5 Qxe5 19.Qxe5 Rxe5 20.Rfd1 h5 21.h3 g6 22.a4 Kg7 23.Rab1 Bc6
24.a5 b5 25.cxb5 Rxb5 26.Rdc1 a6 27.Nc4 Re6 28.Rxb5 Bxb5 29.dxe4 Nxe4 30.e3 f5
31.Na3 Bd3 32.Nc4 Re8 33.Nb2 Bb5 34.Nd1 Bd3 35.Nb2 Bb5 36.Nd1 Bd3 37.Nb2  1/2-1/2

[Event "Belavenets mem op"]
[Site "Smolensk"]
[Date "1991.??.??"]
[Round "?"]
[White "Buturin, Vladimir"]
[Black "Kharitonov, Andrei Y"]
[Result "1/2-1/2"]
[WhiteElo "2425"]
[BlackElo "2495"]

1.c4 e5 2.g3 Nc6 3.Bg2 g6 4.Nc3 Bg7 5.e3 d6 6.Rb1 Bf5 7.d3 Qd7 8.b4 Nge7
9.b5 Nd8 10.a4 O-O 11.Ba3 Be6 12.h4 h6 13.h5 g5 14.Nge2 Rb8 15.Nd5 f5  1/2-1/2

[Event "Tatran Cup"]
[Site "Stary Smokovec"]
[Date "1991.??.??"]
[Round "6"]
[White "Gross, Stefan"]
[Black "Popovic, Petar"]
[Result "0-1"]
[WhiteElo "2430"]
[BlackElo "2550"]

1.c4 e5 2.g3 c6 3.Nf3 e4 4.Nd4 d5 5.cxd5 Qxd5 6.Nb3 Bf5 7.Bg2 Qd7 8.Nc3 Nf6
9.O-O Be7 10.Re1 O-O 11.d4 exd3 12.exd3 Na6 13.a3 Nc5 14.Nxc5 Bxc5 15.Ne4 Bd4
16.Qc2 Rfe8 17.Bg5 Ng4 18.Re2 Ne5 19.Nc5 Bxc5 20.Qxc5 Nxd3 21.Rxe8+ Rxe8
22.Qc3 Qe6 23.Be3 a6 24.Bd4 Ne1 25.Bxg7 Nxg2 26.Bh8 f6 27.Bxf6 Ne1 28.Bh8 Nf3+
29.Kh1 Ne5  0-1

[Event "Stavanger op"]
[Site "Stavanger"]
[Date "1991.??.??"]
[Round "5"]
[White "Ostenstad, Berge"]
[Black "Westerinen, Heikki MJ"]
[Result "1/2-1/2"]
[WhiteElo "2475"]
[BlackElo "2420"]

1.c4 e5 2.g3 f5 3.d4 exd4 4.Qxd4 Nc6 5.Qd1 Nf6 6.Bg2 Bb4+ 7.Bd2 Qe7 8.Nh3 Qc5
9.a3 Bxd2+ 10.Nxd2 a5 11.O-O a4 12.Nf4 Qe5 13.Nd5 O-O 14.Rb1 b6 15.Nf3 Qd6
16.Nd4 Nxd4 17.Qxd4 Ra5 18.e3 Nxd5 19.cxd5 Bb7 20.Rfd1 Rfa8 21.Rbc1 Rc5 22.Rxc5 Qxc5
23.Qd3 Rf8 24.Qd2 Ba6 25.Rc1 Bc4 26.Bf1 b5 27.Qa5 Qb6 28.Qb4 Bxd5 29.Bxb5 Rb8
30.Bc4 Bxc4 31.Qxc4+ Qe6 32.Qxe6+ dxe6 33.Rxc7 Rxb2 34.Ra7 Ra2 35.Rxa4 Kf7
36.h4 h6 37.h5 Kf6 38.Ra7 e5 39.Kg2 e4 40.a4 Ra1 41.Kh2 Ra2 42.Kg2 Ra1 43.a5 Ra2
44.a6 Ke5 45.Kg1 Ra1+ 46.Kh2 Ra2 47.Kh3 Kf6 48.g4 Rxf2 49.gxf5 Rxf5 50.Kg4 g6
51.hxg6 h5+ 52.Kh4 Kxg6 53.Ra8 Kg7 54.a7 Ra5 55.Kg3 Ra2 56.Kf4  1/2-1/2

[Event "Sydney Mercantile"]
[Site "Sydney"]
[Date "1991.??.??"]
[Round "1"]
[White "Johansen, Darryl K"]
[Black "Solomon, Stephen J"]
[Result "1-0"]
[WhiteElo "2465"]
[BlackElo "2420"]

1.c4 e5 2.g3 Nf6 3.Bg2 d5 4.cxd5 Nxd5 5.Nc3 Nb6 6.Nf3 Nc6 7.O-O Be7 8.a3 a5
9.d3 O-O 10.Be3 f5 11.Na4 Nxa4 12.Qxa4 Be6 13.Rac1 Bf6 14.Nd2 Bd5 15.Qb5 Bxg2
16.Kxg2 Qc8 17.Rc4 Ne7 18.Bc5 c6 19.Qb3 Qe6 20.Bxe7 Bxe7 21.e4 fxe4 22.dxe4 Rf7
23.Qxb7 Rd8 24.Rxc6 Qg4 25.Rc7 Rxd2 26.Rxe7 Rxe7 27.Qxe7 Qxe4+ 28.Kg1 h6
29.b4 axb4 30.axb4 Rb2 31.b5 Qd4 32.Qe6+ Kf8 33.Qf5+ Ke7 34.Rc1 Qd6 35.Qc8 Qd5
36.Rc7+ Kf6 37.Qf8+  1-0

[Event "Tel Aviv"]
[Site "Tel Aviv"]
[Date "1991.??.??"]
[Round "1"]
[White "Gofshtein, Leonid D"]
[Black "Lev, Ronen"]
[Result "1-0"]
[WhiteElo "2440"]
[BlackElo "2420"]

1.c4 e5 2.g3 Nf6 3.Bg2 d5 4.cxd5 Nxd5 5.Nc3 Nb6 6.Nf3 Nc6 7.O-O Be7 8.a3 O-O
9.b4 Be6 10.d3 f6 11.Bb2 Qd7 12.Rc1 a5 13.b5 Nd4 14.Nxd4 exd4 15.Ne4 Qxb5
16.Bxd4 Bxa3 17.Nc5 Bd5 18.Bxd5+ Nxd5 19.Rb1 Bb4 20.Qb3 c6 21.Ne6 Kh8 22.e4 Ne7
23.Nxf8 Rxf8 24.Rfc1 Rd8 25.Bc5 Rxd3 26.Qf7 Ng8 27.e5 Rd8 28.Bxb4 axb4 29.e6 Rd2
30.Rd1 Qf5 31.Rxd2 Qxb1+ 32.Kg2 h6 33.Re2 Qb3 34.Qd7 c5 35.e7 Nxe7 36.Rxe7 Qc2
37.Qg4  1-0

[Event "Tel Aviv-B"]
[Site "Tel Aviv"]
[Date "1991.??.??"]
[Round "4"]
[White "Har Zvi, Ronen"]
[Black "Lahav, Ehud"]
[Result "0-1"]
[WhiteElo "2240"]
[BlackElo "2380"]

1.c4 e5 2.g3 Nf6 3.Bg2 d5 4.cxd5 Nxd5 5.Nc3 Nc6 6.Nf3 Nb6 7.O-O Be7 8.d3 O-O
9.Be3 Be6 10.Rc1 f6 11.a3 Qd7 12.d4 exd4 13.Nxd4 Nxd4 14.Qxd4 Qxd4 15.Bxd4 c6
16.Ne4 Na4 17.Nc5 Bxc5 18.Bxc5 Nxc5 19.Rxc5 Rfd8 20.b4 a6 21.a4 Rd4 22.b5 axb5
23.axb5 Ra5 24.Rfc1 Rb4 25.h4 Raxb5 26.Rxb5 Rxb5 27.Ra1 Kf7 28.Ra8 Bd5 29.e4 Be6
30.Rb8 c5 31.f4 c4 32.Bf1 Rb1 33.Kf2 c3 34.Bd3 Rb2+ 35.Ke3 Ke7 36.h5 Kd7
37.h6 gxh6 38.Rh8 Rh2 39.Rxh7+ Kc6 40.e5 f5 41.g4 fxg4 42.Kd4 Rd2  0-1

[Event "Tel Aviv-B"]
[Site "Tel Aviv"]
[Date "1991.??.??"]
[Round "6"]
[White "Har Zvi, Ronen"]
[Black "Damjanovic, Mato"]
[Result "1-0"]
[WhiteElo "2240"]
[BlackElo "2325"]

1.c4 e5 2.g3 Nf6 3.Bg2 d5 4.cxd5 Nxd5 5.Nc3 Nb6 6.Nf3 Nc6 7.O-O Be7 8.d3 O-O
9.Be3 Be6 10.Na4 f6 11.Nc5 Bxc5 12.Bxc5 Re8 13.Qc2 Nd5 14.Rfd1 b6 15.e4 bxc5
16.exd5 Bxd5 17.Qxc5 Rb8 18.b3 Bxf3 19.Bxf3 Nd4 20.Bg2 Rb6 21.Kh1 Qd6 22.Qc4+ Kf8
23.Re1 Rb4 24.Qc3 Rb5 25.Rac1 Ne6 26.Be4 Rc5 27.Qd2 Kg8 28.Qe2 g6 29.h4 Nd4
30.Qe3 Nc2 31.Qxc5 Qxc5 32.Re2 Re7 33.Rexc2 Qa5 34.a4 Kg7 35.Rc5 Qb6 36.Bd5 Qd6
37.Kg2 f5 38.b4 e4 39.dxe4 fxe4 40.Re1 a5 41.Rxe4 Rxe4 42.Bxe4 axb4 43.Rb5 Qd4
44.f3 Qc4 45.Rb7 Kf6 46.a5 c5 47.Rb6+ Ke5 48.a6 Qa2+  1-0

[Event "Ter Apel"]
[Site "Ter Apel"]
[Date "1991.??.??"]
[Round "1"]
[White "Csom, Istvan"]
[Black "Brenninkmeijer, Joris"]
[Result "1/2-1/2"]
[WhiteElo "2480"]
[BlackElo "2520"]

1.c4 e5 2.g3 Nf6 3.Bg2 c6 4.d4 exd4 5.Qxd4 d5 6.Nc3 Be6 7.cxd5 cxd5 8.Be3 Nc6
9.Qa4 Bb4 10.Nf3 Ne4 11.Rc1 Qa5 12.Qxa5 Bxa5 13.O-O Nxc3 14.bxc3 Bb6 15.Nd4 Bxd4
16.cxd4 Kd7 17.Rc5 b6 18.Rb5 Ne7 19.a4 Rhc8 20.a5 Rc2 21.axb6 axb6 22.Rxb6 Rxe2
23.Rc1  1/2-1/2

[Event "Torcy op"]
[Site "Torcy"]
[Date "1991.??.??"]
[Round "?"]
[White "Spraggett, Kevin"]
[Black "Kveinys, Aloyzas"]
[Result "1/2-1/2"]
[WhiteElo "2495"]
[BlackElo "2435"]

1.g3 e5 2.c4 Nf6 3.Bg2 d5 4.cxd5 Nxd5 5.Nc3 Nb6 6.Nf3 Nc6 7.O-O Be7 8.a3 O-O
9.b4 Re8 10.d3 Bf8 11.Rb1 Bg4 12.h3 Bh5 13.Nd2 Rb8 14.g4 Bg6 15.Nde4 Nd4
16.e3 Ne6 17.Qe2 c6 18.Bb2 Qh4 19.Ng3 Ng5 20.Kh2 Nd5 21.Nce4 Nf4 22.exf4 exf4
23.Bc1 Bd6 24.Nxd6 Rxe2 25.Ngf5 Bxf5 26.Nxf5 Nf3+ 27.Bxf3 Qxf2+ 28.Rxf2 Rxf2+
29.Bg2 f3 30.Rb2 Rxg2+ 31.Rxg2 fxg2 32.Nd6 b6 33.Kxg2 Rd8 34.Bf4 Kf8 35.Kf3 Ke7
36.Nf5+ Kf6 37.Ke3 h5 38.Nd4 hxg4 39.hxg4 c5 40.bxc5 bxc5 41.g5+ Kg6 42.Nc6 Re8+
43.Kf3 Kh5 44.Nxa7 Ra8 45.Nb5 Ra5 46.Nd6 Rxa3 47.Ke4 f6 48.gxf6 gxf6 49.Be3 Rc3
50.Bd2 Rb3 51.Be3 Rc3 52.Bf2 Kg4 53.Ke3 Rc2 54.Nc4 f5 55.Ne5+ Kg5 56.Kf3 Rc3
57.Be1 Ra3 58.Bd2+ Kf6 59.Nd7+ Ke6 60.Nxc5+ Kd5 61.Bb4 Ra8 62.Ke3 Re8+ 63.Kd2 Rb8
64.Kc3 Rxb4 65.Kxb4 Kd4  1/2-1/2

[Event "Tuzla"]
[Site "Tuzla"]
[Date "1991.??.??"]
[Round "11"]
[White "Sinanovic, Muhamed"]
[Black "Mujic, Hamza"]
[Result "1/2-1/2"]
[WhiteElo "2435"]
[BlackElo "2270"]

1.c4 e5 2.g3 Nc6 3.Bg2 g6 4.Nc3 Bg7 5.d3 d6 6.e3 Nge7 7.Nge2 O-O 8.O-O f5
9.f4 Be6 10.Nd5 Rb8 11.Nec3 a6 12.a4 Kh8 13.a5 Nc8 14.Bd2 Nxa5 15.Rxa5 c6
16.Ra2 cxd5 17.Nxd5 Bxd5 18.Bxd5 Ne7 19.Bg2 Qb6 20.Kh1 Nc6 21.Qa4 Rfe8 22.b4 exf4
23.gxf4 Ne7 24.Qa5 Qd8 25.Rb1 d5 26.cxd5 b6 27.Qxa6 Nxd5 28.Re1 Rc8 29.h3 Qd6
30.Qa3 Nc3 31.Rc2 Ne4 32.Rxc8 Rxc8 33.Rc1 Rxc1+ 34.Qxc1 Nxd2 35.Qxd2 Bf6
36.b5 Kg7 37.Bc6 g5 38.Kg2 gxf4 39.exf4 Bd4 40.Kf3 Qa3 41.Qe2 Kf6 42.Bd5 Qe7
43.Qd2 Qd7 44.Bc6 Qf7 45.Qe1 Qh5+ 46.Kg2 Qg6+ 47.Kh2 Qh6 48.Qg3 Ke7 49.Qg5+ Qf6
50.Bb7 Be3 51.h4 h6 52.Qxf6+ Kxf6 53.Kg3 Bc5 54.Kf3 Bb4 55.h5 Bd2 56.Bc8 Bc1
57.d4 Bd2 58.d5 Bb4  1/2-1/2

[Event "Vienna"]
[Site "Vienna"]
[Date "1991.??.??"]
[Round "2"]
[White "Fauland, Alexander"]
[Black "Epishin, Vladimir"]
[Result "0-1"]
[WhiteElo "2475"]
[BlackElo "2615"]

1.c4 e5 2.g3 Nc6 3.Bg2 Nf6 4.Nf3 Bc5 5.O-O d6 6.a3 Nd4 7.Nxd4 Bxd4 8.e3 Bb6
9.Nc3 c6 10.d4 Bg4 11.Qd2 Qd7 12.Na4 e4 13.f3 exf3 14.Bxf3 Bxf3 15.Rxf3 h5
16.Qd3 h4 17.Nxb6 axb6 18.e4 Qg4 19.Bf4 hxg3 20.Bxg3 O-O-O 21.Rf4 Qg6 22.Qf3 Rh3
23.Rf1 Re8 24.Qg2 Rh5 25.c5 bxc5 26.e5 Nd5 27.Rxf7 dxe5 28.dxe5 Rg5 29.Rf8 Rxf8
30.Rxf8+ Kd7 31.Rf1 Ke6 32.Qf2 c4 33.Re1 Rg4 34.Kg2 Nf4+ 35.Kh1 Nd3 36.Qf8 Nxe1
37.Qd6+ Kf5 38.Qd7+ Qe6  0-1

[Event "Vienna"]
[Site "Vienna"]
[Date "1991.??.??"]
[Round "9"]
[White "Brestian, Egon"]
[Black "Epishin, Vladimir"]
[Result "0-1"]
[WhiteElo "2475"]
[BlackElo "2615"]

1.c4 e5 2.g3 Nc6 3.Bg2 Bc5 4.e3 d6 5.Ne2 Bb6 6.Nbc3 Nge7 7.Nd5 O-O 8.Nxb6 axb6
9.O-O Be6 10.d3 d5 11.b3 Qd7 12.Bb2 Rfd8 13.a3 f6 14.Re1 Bh3 15.Bh1 dxc4
16.dxc4 Qf5 17.Qb1 Qxb1 18.Raxb1 Bf5 19.e4 Bg6 20.Rbd1 Na5 21.Nc1 c5 22.f3 Nec6
23.Rxd8+ Rxd8 24.Kf2 Bf7 25.Ke3 Bxc4  0-1

[Event "Vienna op"]
[Site "Vienna"]
[Date "1991.??.??"]
[Round "9"]
[White "Degerman, Lars"]
[Black "Ernst, Thomas"]
[Result "1/2-1/2"]
[WhiteElo "2415"]
[BlackElo "2525"]

1.c4 e5 2.g3 Nc6 3.Bg2 g6 4.Nc3 Bg7 5.d3 d6 6.e4 Nge7 7.Nge2 Be6 8.O-O O-O
9.Rb1 Qd7 10.b4 a6 11.a4 Nd4 12.b5 Nxe2+ 13.Qxe2 axb5 14.axb5 c6 15.Be3 f5
16.exf5 gxf5 17.bxc6 bxc6 18.Bg5 Ng6 19.Rb6 Rac8 20.Rfb1 e4 21.Rb7 Rc7 22.Rxc7 Qxc7
23.Bd2 d5 24.cxd5 cxd5 25.Rc1 Qd7 26.dxe4 fxe4 27.Be3 Ne5 28.Qb5 Qf7 29.Ne2 Nf3+
30.Kh1 d4 31.Bf4 d3 32.Bxf3 exf3 33.Nc3 Qg6 34.Qg5 Qxg5 35.Bxg5 Bd4 36.Kg1 Bb3
37.Bd2 Re8 38.Re1 Rxe1+ 39.Bxe1 Kg7 40.Nb5 Be5 41.Bd2 Kf6 42.Kf1 Ke6 43.Ke1 Kd5
44.Bc3 Bb8 45.Kd2 Bc4 46.Nd4 Ba7 47.Nxf3 Bxf2 48.Ng5 h5 49.Nh3 Bc5  1/2-1/2

[Event "Vienna op"]
[Site "Vienna"]
[Date "1991.??.??"]
[Round "9"]
[White "Serper, Grigory"]
[Black "Mainka, Romuald"]
[Result "1-0"]
[WhiteElo "2490"]
[BlackElo "2445"]

1.c4 e5 2.g3 Nf6 3.Bg2 d5 4.cxd5 Nxd5 5.Nc3 Nb6 6.Nf3 Nc6 7.O-O Be7 8.a3 O-O
9.b4 Be6 10.Rb1 f6 11.d3 a5 12.bxa5 Rxa5 13.Nb5 Qd7 14.Be3 Nd5 15.Bd2 Ra6
16.Qc2 Nd8 17.e4 Rc6 18.Qd1 Nb6 19.Be3 Nf7 20.d4 Ba2 21.Rb2 Bc4 22.Re1 Rd8
23.d5 Bxb5 24.Rxb5 Rc4 25.Qb1 Nd6 26.Rb3 Ra8 27.Nd2 Rca4 28.Rc1 Ndc8 29.Rbc3 Bd6
30.Bc5 Bxc5 31.Rxc5 c6 32.dxc6 bxc6 33.Nf1 Rxa3 34.Rxc6 Ra1 35.Qb3+ Qf7 36.Rxa1 Rxa1
37.Rxb6 Nxb6 38.Qxb6 g6 39.Bh3 Kg7 40.Be6 Qe7 41.Kg2 Qa7 42.Qd8 Rb1 43.Qg8+ Kh6
44.Ne3  1-0

[Event "URS-sf"]
[Site "Voronezh"]
[Date "1991.??.??"]
[Round "?"]
[White "Ivanov, Oleg"]
[Black "Haludrov, Eduard"]
[Result "1-0"]
[WhiteElo "2390"]
[BlackElo "2270"]

1.c4 e5 2.g3 Nc6 3.Bg2 g6 4.Nc3 Bg7 5.Rb1 a5 6.a3 f5 7.b4 axb4 8.axb4 Nf6
9.d3 O-O 10.Nf3 d6 11.b5 Nd4 12.Nxd4 exd4 13.Nd5 Nxd5 14.Bxd5+ Kh8 15.h4 h6
16.Bf4 Kh7 17.Qd2 Rb8 18.Kf1 b6 19.Bg5 Qe8 20.h5 hxg5 21.Qxg5 Bh6 22.hxg6+ Qxg6
23.f4 Bb7  1-0

[Event "Waldshut MA"]
[Site "Waldshut"]
[Date "1991.??.??"]
[Round "6"]
[White "Kettner, Juergen"]
[Black "Preiss, Martin"]
[Result "1/2-1/2"]
[WhiteElo "2215"]
[BlackElo "2290"]

1.g3 e5 2.c4 Nf6 3.Bg2 Nc6 4.d3 Bc5 5.Nc3 O-O 6.Nf3 a5 7.O-O h6 8.Nxe5 Nxe5
9.d4 Bd6 10.c5 Bxc5 11.dxc5 Qe7 12.Nd5 Nxd5 13.Qxd5 Ra6 14.Bf4 Re8 15.Rac1 d6
16.cxd6 cxd6 17.Rfd1 Be6 18.Qb5 Raa8 19.a3 a4 20.Rc3 Bb3 21.Rdc1 Nc6 22.Re3 Qf6
23.Rcc3 g5 24.Rxe8+ Rxe8 25.Be3 Re7 26.Qd3 d5 27.Bc5 Rd7 28.Bh3 Rd8 29.Qd2 d4
30.Rf3 Qe5 31.Rf5 Qe4 32.Rf6 Kg7 33.Rd6 Rxd6 34.Bxd6 Bd5 35.f3 Qb1+ 36.Bf1 Qg6
37.Bc5 Qf6 38.Qd3 Qe5 39.Kf2 Kg8 40.Bb6 Kg7 41.Bh3 Be6 42.Bxe6  1/2-1/2

[Event "Warsaw Legion op"]
[Site "Warsaw"]
[Date "1991.??.??"]
[Round "2"]
[White "Bugajski, Robert"]
[Black "Bukhman, Eduard"]
[Result "1/2-1/2"]
[WhiteElo "2340"]
[BlackElo "2430"]

1.c4 e5 2.g3 Nc6 3.Bg2 f5 4.Nc3 Nf6 5.e3 g6 6.Rb1 a5 7.Nge2 Bg7 8.a3 O-O
9.b4 axb4 10.axb4 d6 11.b5 Ne7 12.Qb3 Kh8 13.O-O g5 14.d3 Ng6 15.f4 gxf4
16.exf4 Qe7 17.Bd2 h5 18.Rbe1 Bh6 19.Qc2 Qg7 20.Nd5 Kh7 21.Bc3 Nxd5 22.Bxd5 h4
23.Qb2 hxg3 24.hxg3 Nxf4 25.Rxf4 Bxf4 26.Nxf4 Qxg3+ 27.Ng2 f4 28.Qf2 Qxf2+
29.Kxf2 Ra2+ 30.Re2 Rxe2+ 31.Kxe2 Bg4+ 32.Kd2 b6 33.d4 exd4 34.Bxd4 f3 35.Ne3 Rf4
36.Kd3 f2 37.Bg2 Bf3 38.Bf1 Rh4 39.Bf6 Rf4 40.Bd8 Rf7 41.Kd2 Kg7 42.Bh4 Kf8
43.Bxf2 Bg2 44.Bxg2 Rxf2+ 45.Kd3 Ke8 46.Bh3 Rf4 47.Be6 Kd8 48.Bd5 Rh4 49.Be4 Rh2
50.Nd5 Rf2 51.Nb4 Ke7 52.Kd4 Rd2+ 53.Nd3 Ke6 54.Bf3 Kf5 55.Bd5 Kf6 56.Kc3 Rh2
57.Nf4 Ke5 58.Ng6+ Kf5 59.Ne7+ Kf6 60.Nc6 Rh4 61.Kd3 Rg4 62.Be4 Rg1 63.Kd4 Rd1+
64.Bd3 Ke6 65.Nb4 Rd2 66.Nd5 Kd7 67.Ke3 Rd1 68.Nf4 Re1+ 69.Be2 Rg1 70.Kd4 Rg5
71.Bf1 Re5 72.Bh3+ Kd8 73.Bg4 Ke8 74.Bh5+ Kd8 75.Bg6 Kd7 76.Be4 Rg5 77.Bc6+ Ke7
78.Bg2 Rg4 79.Ke4 Rg5 80.Bh3 Re5+ 81.Kf3 Re1 82.Nd5+ Kd8 83.Kf4 Rc1 84.Ne3 Rh1
85.Bg4 Rh2 86.Ke4 Rd2 87.Kf5 Rd4 88.Bf3 Rd3 89.Ke4 Rd2 90.Bg4 Ke7 91.Kf3 Rd4
92.Bf5 Kd8  1/2-1/2

[Event "Warsaw Legion op"]
[Site "Warsaw"]
[Date "1991.??.??"]
[Round "8"]
[White "Berkovich, Mark A"]
[Black "Dragomarezkij, Evgeni"]
[Result "1/2-1/2"]
[WhiteElo "2405"]
[BlackElo "2455"]

1.g3 e5 2.c4 Nc6 3.Bg2 d6 4.Nc3 Be6 5.d3 g6 6.Nf3 Bg7 7.Rb1 h6 8.b4 f5 9.b5 Nce7
10.Nd2 c6 11.Qa4 Qd7 12.bxc6 bxc6 13.Qa6 Rc8 14.O-O Nf6 15.Ba3 O-O 16.Rb7 Rc7
17.Rfb1 Rfc8 18.Qxa7 Bf7 19.Qa6 Ne8 20.Rxc7 Rxc7 21.Qa4 e4 22.Qb3 exd3 23.exd3 Kh7
24.Bb2 Rb7 25.Qc2 Ra7 26.a4 Qc7 27.Ra1 d5 28.Ne2 dxc4 29.Nxc4 Nd5 30.Bxg7 Nxg7
31.Nd4 Be8 32.Re1 Qd8 33.Ne5 Nb4 34.Qc5 Rxa4 35.Ndxc6 Nxc6 36.Nxc6 Qxd3  1/2-1/2

[Event "Werfen op"]
[Site "Werfen"]
[Date "1991.??.??"]
[Round "6"]
[White "Niesel, Matthias"]
[Black "Haas, H."]
[Result "1-0"]
[WhiteElo "2285"]
[BlackElo "2100"]

1.c4 e5 2.g3 Nc6 3.Bg2 g6 4.Nc3 Bg7 5.d3 Nge7 6.h4 h5 7.Nh3 d6 8.Nd5 O-O
9.Bg5 f6 10.Bd2 Nd4 11.e3 Ndf5 12.O-O c6 13.Nxe7+ Nxe7 14.Bb4 Be6 15.Kh2 Qd7
16.Rc1 Rac8 17.Qe2 c5 18.Bc3 Nf5 19.Bd5 Ne7 20.Bg2 Nf5 21.b3 b6 22.Rcd1 Rfe8
23.Qb2 Nh6 24.Bd5 Bxd5 25.cxd5 Ng4+ 26.Kg2 Qb7 27.e4 Nh6 28.Bd2 Nf7 29.Qc1 Rf8
30.f4 Qa6 31.Qc2 f5 32.Bc3 Qb7 33.Rf3 Rce8 34.Rdf1 fxe4 35.dxe4 Nh6 36.Ng5 Ng4
37.Ne6 Rf7 38.Qd3 Qd7 39.f5 gxf5 40.Rxf5 Rxf5 41.Rxf5 Bh6 42.Bd2 Qh7 43.Rxh5 Qg6
44.Rf5 Kh7 45.Bg5  1-0

[Event "Zalakaros op"]
[Site "Zalakaros"]
[Date "1991.??.??"]
[Round "8"]
[White "Horvath, Imre"]
[Black "Horvath, Tamas"]
[Result "0-1"]
[WhiteElo "2360"]
[BlackElo "2410"]

1.c4 e5 2.g3 f5 3.Bg2 Nf6 4.Nc3 g6 5.d3 Bg7 6.e4 O-O 7.exf5 gxf5 8.Bg5 d6
9.Qd2 Nc6 10.Nge2 Be6 11.O-O-O Rb8 12.Nd5 Qd7 13.Kb1 b5 14.d4 Ne4 15.Bxe4 fxe4
16.dxe5 Nxe5 17.c5 Nc4 18.Qc2 Nxb2 19.Ne7+ Kh8 20.c6 Qe8 21.Nd4 Nxd1 22.Nxe6 Nc3+
23.Kc1 Be5 24.Nxc7 Qh5 25.Ne6 Qg4 26.c7 Qxe6 27.c8=Q Rbxc8 28.f4 exf3 29.Re1 Ne2+
30.Kb1 Qc4 31.Bd2 f2 32.Rf1 Nc3+ 33.Bxc3 Qxf1+ 34.Kb2 Qe1  0-1

[Event "BRA-ch"]
[Site "Curitiba"]
[Date "1992.12.??"]
[Round "2"]
[White "Correa, Aron A"]
[Black "Disconzi da Silva, Rodrigo"]
[Result "1/2-1/2"]
[WhiteElo "2390"]
[BlackElo "2280"]

1.c4 e5 2.g3 Nf6 3.Bg2 c6 4.d4 exd4 5.Qxd4 d5 6.Nf3 Be7 7.O-O O-O 8.cxd5 cxd5
9.Nc3 Nc6 10.Qa4 Be6 11.Rd1 Qb6 12.Qb5 Qxb5 13.Nxb5 Rac8 14.Bf4 Rfd8 15.Nfd4 Nxd4
16.Nxd4 Bg4 17.h3 Bd7 18.Rac1 h6 19.g4 Ne4 20.Nf5 Bf6 21.Rxc8 Bxc8 22.Bxe4 dxe4
23.Rxd8+ Bxd8 24.Nd6 Be6 25.Nxb7 Bb6 26.b3 h5 27.gxh5 Bxh3 28.e3 Be6 29.Kg2 a5
30.Nd6 a4 31.Nc4 Bc5 32.Kg3 f6 33.Bc7 axb3 34.axb3 Bb4 35.Kf4 Bd5 36.Kf5 Kh7
37.Bf4 Be1 38.Nd6 Bxb3 39.Nxe4 Bf7 40.Kg4 Bd5 41.Kf5 Bxe4+ 42.Kxe4 Bxf2 43.Kf5 Be1
44.e4 Bc3 45.Ke6 g6  1/2-1/2

[Event "Alicante op"]
[Site "Alicante"]
[Date "1992.??.??"]
[Round "2"]
[White "Strizhnev, Piotr"]
[Black "Eingorn, Vereslav S"]
[Result "0-1"]
[WhiteElo "2245"]
[BlackElo "2575"]

1.c4 e5 2.g3 Nc6 3.Bg2 f5 4.e3 Nf6 5.Ne2 Be7 6.d4 d6 7.b4 a6 8.Nbc3 O-O 9.b5 Na5
10.Rb1 e4 11.f3 axb5 12.cxb5 d5 13.O-O c6 14.a4 Bd6 15.Qc2 Qe7 16.Nf4 g5
17.Nfe2 Bd7 18.Qa2 Kh8 19.bxc6 bxc6 20.Nd1 Bc8 21.Nf2 Ba6 22.fxe4 Nxe4 23.Nxe4 fxe4
24.Rxf8+ Rxf8 25.Nc3 Bc4 26.Qd2 Bd3  0-1

[Event "Alicante op"]
[Site "Alicante"]
[Date "1992.??.??"]
[Round "5"]
[White "Strizhnev, Piotr"]
[Black "Eslon, Jaan"]
[Result "1/2-1/2"]
[WhiteElo "2245"]
[BlackElo "2420"]

1.c4 e5 2.g3 d6 3.Bg2 g6 4.e3 Bg7 5.Ne2 f5 6.d4 e4 7.f3 exf3 8.Bxf3 Nf6 9.Nbc3 O-O
10.O-O c6 11.b4 Be6 12.d5 Bf7 13.Rb1 Qe7 14.Nd4 cxd5 15.Nxd5 Nxd5 16.cxd5 Nd7
17.Ne6 Bxe6 18.dxe6 Nf6 19.Qb3 d5 20.Bb2 Qxe6 21.Bxf6 Qxf6 22.Bxd5+ Kh8 23.Bxb7 Rae8
24.Rfe1 Re7 25.Bf3 Rfe8 26.Rbc1 Bh6 27.Rc6 Qe5 28.Qc3 Qxc3 29.Rxc3 Bxe3+
30.Kg2 Bb6  1/2-1/2

[Event "Alicante op"]
[Site "Alicante"]
[Date "1992.??.??"]
[Round "9"]
[White "Pigusov, Evgeny"]
[Black "Strizhnev, Piotr"]
[Result "1-0"]
[WhiteElo "2550"]
[BlackElo "2245"]

1.c4 e5 2.g3 Nc6 3.Bg2 g6 4.Nc3 Bg7 5.Rb1 a5 6.a3 d6 7.b4 axb4 8.axb4 Nge7
9.d3 Nd4 10.e3 Ne6 11.Nge2 O-O 12.O-O c6 13.Bb2 Nc7 14.d4 Be6 15.c5 dxc5
16.bxc5 Bc4 17.Re1 Nf5 18.dxe5 Bxe5 19.Ne4 Qxd1 20.Rexd1 Bxb2 21.Rxb2 Rfd8
22.Rc1 Ra2 23.Rxa2 Bxa2 24.N2c3 Bc4 25.Rb1 Nb5 26.Nxb5 cxb5 27.Bf1 Rc8 28.Bxc4 bxc4
29.Rxb7 c3 30.Rb3 Nd6 31.Nxc3 Rxc5 32.Kg2 Kg7 33.h3 h5 34.Na4 Rc2 35.Rb2 Rxb2
36.Nxb2 f5 37.Nd3 Nf7 38.Nf4 Kf6 39.f3 Ne5 40.Kf2 Kf7 41.h4 Kf6 42.Nh3 Ke6
43.Ke2 Kd5 44.Nf4+ Kd6 45.Nd3 Nc4 46.e4 Ke6 47.Nf4+ Kf6 48.Nd5+ Ke5 49.Ne3 Nd6
50.exf5 gxf5 51.Ng2  1-0

[Event "Altensteig"]
[Site "Altensteig"]
[Date "1992.??.??"]
[Round "5"]
[White "Schlosser, Philipp"]
[Black "Romanishin, Oleg M"]
[Result "1/2-1/2"]
[WhiteElo "2500"]
[BlackElo "2555"]

1.c4 e5 2.g3 Nf6 3.Bg2 d5 4.cxd5 Nxd5 5.Nf3 Nc6 6.O-O Nb6 7.d3 Be7 8.a3 O-O
9.Nbd2 a5 10.b3 Re8 11.Bb2 Bf8 12.Rc1 Nd4 13.Nxe5 Rxe5 14.e3 Nxb3 15.Qxb3 a4
16.Qa2 Rb5 17.Rfd1 Bg4 18.Bxb7 Bxd1 19.Rxd1 Rb8 20.Be4 Qd7 21.Bd4 Qe6 22.Qxe6 fxe6
23.Bc6 Ra5 24.Rb1 Rd8 25.Bxb6 cxb6 26.d4 b5 27.Rxb5 Ra6 28.Bb7  1/2-1/2

[Event "Simferopol/Alushta (Women)"]
[Site "Alushta"]
[Date "1992.??.??"]
[Round "?"]
[White "Rubzova, Tatiana"]
[Black "Semenova, Lidia K"]
[Result "1/2-1/2"]
[WhiteElo "2220"]
[BlackElo "2270"]

1.g3 e5 2.c4 Nf6 3.Bg2 d5 4.cxd5 Nxd5 5.Nc3 Nb6 6.Nf3 Nc6 7.O-O Be7 8.d3 O-O
9.a3 a5 10.b3 f5 11.Bb2 Bf6 12.b4 Be6 13.b5 Ne7 14.Nd2 c6 15.Nb3 Nd7 16.a4 Qe8
17.Ba3 e4 18.d4 Qf7 19.Nc5 Nxc5 20.Bxc5 Rfd8 21.e3 Nd5 22.Qc1 Nb4 23.Qd2 Be7
24.Bxe7 Qxe7 25.Qb2 Rac8 26.bxc6 bxc6 27.Rfd1 c5 28.dxc5 Rxd1+ 29.Rxd1 Qxc5
30.Nb5 Nd3 31.Qb1 Qb4 32.Nd4 Bd7 33.Bf1 Bxa4 34.Qa2+ Qc4 35.Ra1 Qxa2 36.Rxa2 Bd1
37.Rxa5 Rc1 38.h3 g6 39.Ra2 Ne5 40.Kh2 Nf3+ 41.Nxf3 exf3 42.g4 Bb3 43.Ra8+ Kg7
44.Bd3 Rd1 45.Bb5 fxg4 46.hxg4 Kf6 47.Rf8+ Kg5 48.Rxf3 Bd5 49.Rf4 Rh1+ 50.Kg3 Rg1+
51.Kh3 h5 52.gxh5 Rh1+ 53.Kg3 Rg1+ 54.Kh3 Rh1+  1/2-1/2

[Event "Wch U26"]
[Site "Antwerp"]
[Date "1992.??.??"]
[Round "9"]
[White "Tabatadze, Tamaz"]
[Black "Gdanski, Jacek"]
[Result "1/2-1/2"]
[WhiteElo "2405"]
[BlackElo "2500"]

1.c4 e5 2.g3 Nc6 3.Bg2 f5 4.Nc3 Nf6 5.d3 Bb4 6.Bd2 O-O 7.Nf3 e4 8.dxe4 Nxe4
9.Rc1 d6 10.O-O Nxd2 11.Qxd2 Qf6 12.e3 a5 13.a3 Bxc3 14.Rxc3 a4 15.Rd1 Kh8
16.Ne1 Na5 17.Qc2 Nb3 18.Nd3 c6 19.c5 Rd8 20.cxd6 Qxd6 21.Bf3 Be6 22.Nf4 Qe5
23.Rcd3 Rxd3 24.Qxd3 Bg8 25.Qd7 Nc5 26.Qd4 Qxd4 27.Rxd4 Ra6 28.Nd3 Nxd3 29.Rxd3 Rb6
30.Rd2 g6 31.h3 Kg7 32.g4 Kf6 33.gxf5 gxf5 34.Kg2 Ke5 35.h4 Bd5 36.Bxd5 cxd5
37.Kf3 Rb3 38.h5 b5 39.h6 b4 40.axb4 Rxb4 41.Ke2 f4 42.Kf3 fxe3 43.fxe3 Rh4
44.Rg2 Rh3+ 45.Ke2 Kf5 46.Rf2+ Ke5 47.Rf4 Rxh6 48.Rxa4 Rh2+ 49.Kf3 Rxb2 50.Rh4 Rb7
51.Rh5+ Kd6 52.e4 Rf7+ 53.Ke3 dxe4 54.Kxe4  1/2-1/2

[Event "ARG-ch"]
[Site "ARG"]
[Date "1992.??.??"]
[Round "?"]
[White "Giardelli, Sergio C"]
[Black "Rossetto, Hector"]
[Result "1/2-1/2"]
[WhiteElo "2430"]
[BlackElo "2295"]

1.c4 e5 2.g3 g6 3.Bg2 Bg7 4.Nc3 d6 5.d3 Nc6 6.Rb1 Bd7 7.b4 Qc8 8.b5 Nd8 9.a4 Nh6
10.a5 Rb8 11.b6 axb6 12.axb6 c6 13.Ne4 Nf5 14.Ba3 d5 15.cxd5 cxd5 16.Rc1 Bc6
17.Nd6+ Nxd6 18.Bxd6 Ra8 19.Bxd5 Qd7 20.Bxc6 Nxc6 21.Bc5 Bf8 22.Bxf8 Kxf8
23.Nf3 Ra6 24.Qb3 Kg7 25.O-O Rha8 26.Rc5 f6 27.Rfc1 g5 28.Kg2 h5 29.h4 g4
30.Nd2 Kg6 31.Ne4 Nd4 32.Qc4 Rxb6 33.Rc7 Qe6 34.Qxe6 Nxe6 35.Re7 Rd8  1/2-1/2

[Event "AUT-chT"]
[Site "AUT"]
[Date "1992.??.??"]
[Round "?"]
[White "Hoelzl, Franz"]
[Black "Grillitsch, Karl"]
[Result "1-0"]
[WhiteElo "2385"]
[BlackElo "2285"]

1.c4 e5 2.g3 d6 3.Bg2 c6 4.Nc3 Be6 5.d3 g6 6.Nf3 h6 7.c5 Bg7 8.cxd6 Qxd6
9.O-O g5 10.Be3 Ne7 11.Qc1 Nd7 12.Rd1 f5 13.h4 g4 14.Nd2 Nd5 15.Nc4 Qe7 16.Bd2 Nxc3
17.Bxc3 O-O 18.Na5 Nb6 19.a3 Rf7 20.d4 f4 21.Bb4 Qc7 22.Nxb7 fxg3 23.fxg3 exd4
24.Nd6 Nd5 25.Nxf7 Bxf7 26.Be1 Re8 27.Qc2 c5 28.Bxd5 Bxd5 29.Bf2 c4 30.Qg6 Rxe2
31.Rxd4 Bf7 32.Qxg4 Rxb2 33.Rad1 Rb8 34.Rd7 Qe5 35.Bd4  1-0